[Event "Pardubice Czech op-C 30th"]
[Site "Pardubice"]
[Date "2019.07.27"]
[Round "9"]
[White "Svetly, Jiri"]
[Black "Andrushchak, Maksym"]
[Result "0-1"]
[WhiteElo "1895"]
[BlackElo "1781"]
[PlyCount "90"]
[EventDate "2019.07.20"]
[EventType "swiss"]
[EventRounds "9"]
[EventCountry "CZE"]
[SourceTitle "EXT 2020"]
[Source "ChessBase"]
[SourceDate "2019.10.17"]
[SourceVersion "1"]
[SourceVersionDate "2019.10.17"]
[SourceQuality "1"]

1. d4 Nf6 2. c4 d6 3. Nc3 e5 4. d5 e4 5. f3 Bf5 6. Bf4 Na6 7. g4 Bg6 8. h4 h6 9. Qa4+ Qd7 10. Qxd7+ Kxd7 11. Bh3 Ke8 12. 0-0-0 Be7 13. a3 exf3 14. b4 f2 15. Nf3 Ne4 16. Nxe4 Bxe4 17. Rhf1 Bxf3 18. exf3 Bxh4 19. Rd4 Nb8 20. Be3 a5 21. Re4+ Kd8 22. c5 axb4 23. cxd6 g5 24. Bd4 Rg8 25. dxc7+ Kxc7 26. axb4 Nd7 27. Kb2 Rae8 28. Rc1+ Kb8 29. Bc5 Bg3 30. Ra1 Nxc5 31. bxc5 Be5+ 32. Rxe5 Rxe5 33. Rf1 Re2+ 34. Kc3 Kc7 35. Bg2 Rge8 36. f4 gxf4 37. d6+ Kc8 38. g5 hxg5 39. Bh3+ R8e6 40. Kd4 Kd8 41. Bxe6 fxe6 42. Rh1 Ke8 43. Rh8+ Kf7 44. d7 Rd2+ 45. Ke5 Rxd7 0-1

[Event "Pardubice Czech op-C 30th"]
[Site "Pardubice"]
[Date "2019.07.23"]
[Round "5"]
[White "Andrushchak, Maksym"]
[Black "Lhotsky, Frantisek"]
[Result "1/2-1/2"]
[WhiteElo "1781"]
[BlackElo "1913"]
[PlyCount "109"]
[EventDate "2019.07.20"]
[EventType "swiss"]
[EventRounds "9"]
[EventCountry "CZE"]
[SourceTitle "EXT 2020"]
[Source "ChessBase"]
[SourceDate "2019.10.17"]
[SourceVersion "1"]
[SourceVersionDate "2019.10.17"]
[SourceQuality "1"]

1. d4 d5 2. Nc3 Nf6 3. Bg5 Bf5 4. Bxf6 exf6 5. a3 c6 6. e3 Bd6 7. Bd3 Bxd3 8. Qxd3 0-0 9. Nf3 Nd7 10. 0-0 Re8 11. Ne2 g6 12. c4 dxc4 13. Qxc4 Qb6 14. Nc3 c5 15. Nd5 Qc6 16. dxc5 Bxc5 17. b4 b5 18. Qa2 Bb6 19. Rfd1 Rac8 20. Qb2 Ne5 21. Rac1 Qe6 22. Rxc8 Rxc8 23. Nxf6+ Qxf6 24. Qxe5 Qxe5 25. Nxe5 Rc3 26. Ra1 a5 27. bxa5 Bxa5 28. g3 Bc7 29. Nf3 Bd6 30. Nd4 Rxa3 31. Rxa3 Bxa3 32. Nxb5 Bc5 33. e4 f6 34. Kg2 Kf7 35. f4 Ke6 36. Kf3 Bb6 37. Na3 Bc5 38. Nc4 Bd4 39. g4 h6 40. Ne3 Bc5 41. f5+ Kf7 42. fxg6+ Kxg6 43. Nf5 h5 44. gxh5+ Kxh5 45. Kf4 Bb6 46. h3 Bc7+ 47. Kf3 Be5 48. Ke3 Kg5 49. Kd3 Kf4 50. h4 Kg4 51. Kc4 Bb2 52. Kd5 Bc3 53. Ke6 Be5 54. Kf7 Kh5 55. Ne3 1/2-1/2